| 000 | 00727nam a22002297a 4500 | ||
|---|---|---|---|
| 003 | 0 | ||
| 005 | 20220224124621.0 | ||
| 008 | 220224b xxu||||| |||| 00| 0 eng d | ||
| 020 | _a978-621-9637-0-4 | ||
| 050 |
_aSB439.26 _b.S88 2020 |
||
| 100 | _aSuticliffe, Leni G. | ||
| 245 |
_aGuide to Westgrove's native trees (A) _cLeni G. Suticliffe; Pastor L. Malabrigo,Jr. |
||
| 260 |
_aSilang, Cavite,Philippines. _bAyala Westgrove Heights Homeowner Association, Inc. _cc2020 |
||
| 300 |
_a446 pages. _billustrations.colored; _c21 cm. |
||
| 440 | _v1 | ||
| 500 | _aIncludes bibliographic references. | ||
| 650 | _aTrees | ||
| 650 | _aIdentifications | ||
| 651 | _aPhilippines | ||
| 942 |
_2lcc _cBK |
||
| 999 |
_c364692 _d364692 |
||